[Event "SLO-ch"]
[Site "Krsko"]
[Date "1997.??.??"]
[Round "?"]
[White "Ivacic, Vladimir"]
[Black "Pavasovic, Dusko"]
[Result "1/2-1/2"]
[WhiteElo "2295"]
[BlackElo "2495"]

1.c4 c6 2.Nf3 d5 3.b3 Bg4 4.Bb2 Nd7 5.e3 e6 6.Be2 Ngf6 7.O-O a5 8.Nc3 Bd6
9.d4 O-O 10.h3 Bh5 11.Nd2 Bxe2 12.Qxe2 Re8 13.Rfd1 Qe7 14.e4 e5 15.dxe5 Bxe5
16.cxd5 Bxc3 17.Bxc3 cxd5 18.Qb5 dxe4  1/2-1/2

[Event "RUS-Cup7"]
[Site "Kstovo"]
[Date "1997.??.??"]
[Round "8"]
[White "Neverov, Valeriy"]
[Black "Yagupov, Igor"]
[Result "1-0"]
[WhiteElo "2530"]
[BlackElo "2420"]

1.c4 c6 2.d4 d5 3.Nc3 Nf6 4.Nf3 e6 5.Bg5 h6 6.Bxf6 Qxf6 7.Qb3 a5 8.a3 a4
9.Qa2 Nd7 10.e3 g6 11.Bd3 Bg7 12.O-O O-O 13.Rac1 dxc4 14.Bxc4 Qe7 15.Bd3 c5
16.Bb5 cxd4 17.exd4 Nb6 18.Qb1 Bd7 19.Qe4 Bxb5 20.Nxb5 Rfc8 21.Ne5 Nd5 22.g3 Qd8
23.Qe2 Qb6 24.Nd7 Qd8 25.Ne5 Qb6 26.Nd7 Qd8 27.Rxc8 Qxc8 28.Ne5 Ra6 29.Re1 Bf6
30.Qd2 Bg5 31.Qd3 Bf6 32.h4 Kg7 33.h5 gxh5 34.Qe2 Rb6 35.Qxh5 Bxe5 36.Qxe5+ f6
37.Qe2 Qc6 38.Nc3 Nxc3 39.bxc3 Qxc3 40.d5 e5 41.Qg4+ Kf8 42.Rd1 Qc5 43.Qg6 Qxa3
44.Qxh6+ Kf7 45.Rc1 Ke8 46.Qh8+ Ke7 47.Rc7+  1-0

[Event "RUS-Cup7"]
[Site "Kstovo"]
[Date "1997.??.??"]
[Round "9"]
[White "Sichinava, Roman"]
[Black "Shurygin, Sergey"]
[Result "1/2-1/2"]
[WhiteElo "2465"]
[BlackElo "2365"]

1.c4 c6 2.b3 d5 3.Bb2 Nf6 4.Nf3 Bg4 5.Ne5 Bh5 6.g3 e6 7.Bg2 Nbd7 8.Nxd7 Qxd7
9.O-O Be7 10.d3 O-O 11.Nd2 a5 12.Nf3 Bxf3 13.Bxf3 a4 14.Qc2 Rfd8 15.c5 Qc7
16.b4 Nd7 17.a3 Bf6 18.Bxf6 Nxf6 19.d4 e5 20.dxe5 Qxe5 21.Rad1 Re8 22.e3 Ne4
23.Rd4 f5 24.Rb1 Qe7 25.b5 Nxc5 26.bxc6 bxc6 27.Rb6 Ne4 28.Qxc6 Qxa3 29.Qxd5+ Kh8
30.Qxf5 Qc1+ 31.Kg2 Nd2 32.Rxd2 Qxd2 33.Bxa8 Rxa8 34.Rb7 Qc3 35.Qe4 Qc8 36.Rc7 Qg8
37.Qb7 Rb8 38.Qc6 a3 39.Ra7 a2 40.e4 h6 41.Qd5 Qxd5 42.exd5 Rd8 43.Rxa2 Rxd5
44.h4 Kh7 45.Kf3 h5 46.Ke4 Rb5 47.Rd2 g6  1/2-1/2

[Event "Lazne Bohdanec-B"]
[Site "Lazne Bohdanec"]
[Date "1997.??.??"]
[Round "?"]
[White "Pribyl, Josef"]
[Black "Svobodova, Michaela"]
[Result "1-0"]
[WhiteElo "2445"]
[BlackElo "2205"]

1.c4 c6 2.e4 Qa5 3.Nf3 e5 4.Nc3 Nf6 5.d3 Bb4 6.Bd2 d6 7.a3 Bxc3 8.Bxc3 Qc7
9.c5 dxc5 10.Nxe5 O-O 11.Be2 Nbd7 12.Nxd7 Bxd7 13.O-O Rad8 14.Qc1 b6 15.Qg5 h6
16.Qh4 Nh7 17.f4 f5 18.Be5 Qb7 19.Rf3 Nf6 20.Rg3 Kh7 21.Bxf6 Rxf6 22.e5 Rff8
23.Qe7 Rg8 24.Bh5 Bc8 25.Bg6+ Kh8 26.Qxb7 Bxb7 27.e6 Ba6 28.e7 Rb8 29.Re1 Rge8
30.Bxf5 Rb7 31.Rge3 c4 32.Bg6  1-0

[Event "Lazne Bohdanec"]
[Site "Lazne Bohdanec"]
[Date "1997.??.??"]
[Round "3"]
[White "Votava, Jan"]
[Black "Meduna, Eduard"]
[Result "1/2-1/2"]
[WhiteElo "2530"]
[BlackElo "2460"]

1.c4 c6 2.Nf3 d5 3.b3 Nf6 4.Bb2 Bf5 5.g3 e6 6.Bg2 Nbd7 7.O-O h6 8.d4 Be7
9.Nc3 Ne4 10.Nd2 Nxc3 11.Bxc3 Nf6 12.Re1 O-O 13.Qc1 a5 14.a3 b5 15.c5 a4
16.b4 Ne4 17.Nf1 Bg6 18.f3 Nxc3 19.Qxc3 f5 20.f4  1/2-1/2

[Event "NLD-chJ"]
[Site "Leiden"]
[Date "1997.??.??"]
[Round "3"]
[White "Janssen, Ruud"]
[Black "Ernst, Sipke"]
[Result "1/2-1/2"]
[WhiteElo "2350"]
[BlackElo "2255"]

1.c4 c6 2.Nf3 d5 3.e3 Nf6 4.Nc3 e6 5.b3 Nbd7 6.Bb2 Bd6 7.d4 O-O 8.Bd3 Qe7
9.Qc2 Re8 10.e4 e5 11.cxd5 cxd5 12.O-O dxe4 13.Nxe4 Nxe4 14.Bxe4 f5 15.Bd5+ Kh8
16.dxe5 Nxe5 17.Nxe5 Bxe5 18.Rfe1 Qd6 19.Bf7 Bxh2+ 20.Kh1 Rxe1+ 21.Rxe1 Bd7
22.Bh5 Bf4 23.Kg1 Rg8 24.Bf3 b6 25.Rd1 Qe7 26.g3 Bb8 27.Bd5 Rf8 28.Qc3 f4
29.Re1 Qg5 30.Qxg7+ Qxg7 31.Bxg7+ Kxg7 32.Re7+ Kh6 33.Rxd7 fxg3 34.fxg3 Bxg3
35.Be4 Kg5  1/2-1/2

[Event "Lichtenstein op"]
[Site "Lichtenstein"]
[Date "1997.??.??"]
[Round "6"]
[White "Pribyl, Josef"]
[Black "Gaertner, Guntram"]
[Result "1/2-1/2"]
[WhiteElo "2445"]
[BlackElo "2380"]

1.c4 c6 2.Nf3 d5 3.b3 Bf5 4.Bb2 e6 5.g3 Nf6 6.Bg2 Nbd7 7.O-O Be7 8.d3 h6
9.Nbd2 O-O 10.a3 Bh7 11.b4 a5 12.Bc3 axb4 13.axb4 Qc7 14.Qb3 dxc4 15.dxc4 Ne4
16.Nxe4 Bxe4 17.Rfd1 Bf6 18.Bxf6 Nxf6 19.Ne1  1/2-1/2

[Event "Lichtenstein op"]
[Site "Lichtenstein"]
[Date "1997.??.??"]
[Round "7"]
[White "Sher, Miron N"]
[Black "Khenkin, Igor"]
[Result "0-1"]
[WhiteElo "2470"]
[BlackElo "2575"]

1.c4 c6 2.d4 d5 3.e3 Nf6 4.Nf3 Bf5 5.Bd3 Bxd3 6.Qxd3 e6 7.O-O Nbd7 8.Nc3 Bb4
9.Bd2 a5 10.Rfc1 O-O 11.Ne2 Bd6 12.Ng3 h5 13.Bc3 g6 14.Re1 Bxg3 15.hxg3 Ne4
16.Re2 Kg7 17.Be1 Rh8 18.Nd2 Nxd2 19.Rxd2 h4 20.f3 h3 21.g4 Qg5 22.cxd5 exd5
23.Bg3 hxg2 24.Rxg2 Rh3 25.Kf2 Re8 26.Bf4 Qh4+ 27.Bg3 Qg5 28.Bf4 Qh4+ 29.Bg3 Qh6
30.Re1 a4 31.Qc3 Nb6 32.Be5+ Kg8 33.b3 axb3 34.axb3 Nd7 35.Bg3 Nf8 36.Qb4 Ra8
37.Qd2 Ne6 38.Qb2 Re8 39.Rf1 Ng5 40.Ke2 Rxg3  0-1

[Event "Anibal op 4th"]
[Site "Linares"]
[Date "1997.??.??"]
[Round "6"]
[White "Miezis, Normunds"]
[Black "Pogorelov, Ruslan"]
[Result "0-1"]
[WhiteElo "2555"]
[BlackElo "2465"]

1.c4 c6 2.e4 d5 3.cxd5 cxd5 4.exd5 Nf6 5.Nc3 Nxd5 6.Nf3 e6 7.d4 Bb4 8.Bd2 Nc6
9.Bd3 Be7 10.O-O O-O 11.a3 Bf6 12.Be3 Nxc3 13.bxc3 b6 14.Qb1 g6 15.h4 Bb7
16.h5 Ne7 17.hxg6 hxg6 18.Nh2 Nf5 19.Ng4 Bg7 20.Be4 Bxe4 21.Qxe4 Rc8 22.Bd2 e5
23.d5 Rc5 24.c4 Nd6 25.Qe2 Rxc4 26.Ne3 Rc8 27.Qa6 Qc7 28.Rac1 Qb7 29.Qa4 b5
30.Qb4 Qb6 31.a4 bxa4 32.Qxa4 Qd4 33.Qa5 Ne4 34.Rcd1 Rfd8 35.Bb4 Qb6 36.Qa4 Nc3
37.Bxc3 Rxc3 38.d6 Rxe3 39.fxe3 Qxe3+ 40.Rf2 Bf8 41.Qc4 Rd7 42.Rd3 Qb6 43.Rf3 Qb7
44.Rf6 Kg7 45.Qc5 Qb1+ 46.Kh2 Qe4 47.g3 a6 48.Qc8 Qb7 49.Qe8 e4 50.Kh3 e3
51.Qxe3 Bxd6 52.Kh2 Qd5 53.R6f3 Bc5 54.Qf4 Bxf2 55.Rxf2 Qd4 56.Qf3 a5 57.g4 Qd6+
58.Kg1 Qd1+ 59.Kg2 Qxf3+ 60.Kxf3 a4 61.g5 Rd5 62.Kg4 a3 63.Ra2 Ra5 64.Kf4 Kf8
65.Kg4 Ke7 66.Kf4 Kd6 67.Rd2+ Kc5 68.Rc2+ Kb4  0-1

[Event "Linz"]
[Site "Linz"]
[Date "1997.??.??"]
[Round "4"]
[White "Beim, Valery"]
[Black "Wach, Markus"]
[Result "1/2-1/2"]
[WhiteElo "2555"]
[BlackElo "2415"]

1.c4 c6 2.d4 d5 3.Nf3 Nf6 4.Qc2 e6 5.g3 dxc4 6.Qxc4 b5 7.Qc2 Bb7 8.Bg2 Nbd7
9.a4 c5 10.axb5 cxd4 11.O-O Nc5 12.Qd1 e5 13.Nxe5 Bxg2 14.Kxg2 Qd5+ 15.Nf3 Nb3
16.Ra6 Qxb5 17.Qd3 Qxd3 18.exd3 Be7 19.Re1 Nd5  1/2-1/2

[Event "Masters"]
[Site "Lisbon"]
[Date "1997.??.??"]
[Round "5"]
[White "Alexandre, Jorge"]
[Black "Pinheiro, Jose"]
[Result "1/2-1/2"]
[WhiteElo "2295"]
[BlackElo "2255"]

1.c4 c6 2.d4 d5 3.cxd5 cxd5 4.Nc3 Nc6 5.Nf3 Nf6 6.e3 e6 7.Bd3 Bd6 8.O-O O-O
9.b3 Bd7 10.Bb2 Rc8 11.Rc1 Qe7 12.Qe2 Ba3  1/2-1/2

[Event "SLO-chT"]
[Site "Ljubljana"]
[Date "1997.??.??"]
[Round "?"]
[White "Gostisa, Leon"]
[Black "Crepan, Marjan"]
[Result "1-0"]
[WhiteElo "2425"]
[BlackElo "2295"]

1.c4 c6 2.e4 d5 3.exd5 cxd5 4.d4 Nc6 5.Nc3 Nf6 6.Bg5 e6 7.cxd5 exd5 8.Bb5 Be7
9.Nge2 O-O 10.O-O h6 11.Bh4 Nh5 12.Bxc6 bxc6 13.Bxe7 Qxe7 14.Qd2 Qd6 15.Rfe1 Ba6
16.Ng3 Qf4 17.Re3 Nf6 18.Qd1 Rfe8 19.Rf3 Qg5 20.Qa4 Bb5 21.Qc2 Re6 22.h3 Rae8
23.Nf5 Re1+ 24.Rxe1 Rxe1+ 25.Kh2 Rc1 26.Qb3 Qd2 27.Nxb5 Qe1 28.Nxh6+ Kh7
29.Rxf6 gxf6 30.Ng4 cxb5 31.Qxd5 Kg7 32.Qf3 Qe6 33.Qf4 Rc6 34.Ne3 Kf8 35.Qb8+ Qc8
36.Qxb5 Qc7+ 37.g3 Re6 38.Qh5 Ke8 39.Nd5 Qc2 40.Qh8+ Kd7 41.Nxf6+  1-0

[Event "London2"]
[Site "London"]
[Date "1997.??.??"]
[Round "2"]
[White "Berry, Jonathan"]
[Black "Houska, Miroslav"]
[Result "1/2-1/2"]
[WhiteElo "2310"]
[BlackElo "2260"]

1.c4 c6 2.Nf3 Nf6 3.b3 d5 4.Bb2 Bg4 5.e3 e6 6.Be2 Nbd7 7.O-O Bd6 8.d3 O-O
9.Nbd2 a5 10.a3 Qe7 11.Nd4 Bxe2 12.Qxe2 g6 13.e4 e5 14.Nc2 dxe4 15.dxe4 Nh5
16.g3 Rfd8 17.Nf3 f6 18.Bc3 Nc5 19.b4 Na4 20.Bd2 Bc7 21.Rfb1 Ng7 22.c5 Qf7
23.Ne3 Rd7 24.Be1 axb4 25.axb4 b5 26.cxb6 Nxb6 27.Rxa8+ Nxa8 28.Rc1 Qe6 29.b5 cxb5
30.Qxb5 Bd8 31.Qb8 Nb6 32.Ba5 Qd6 33.Qxd6 Rxd6 34.Bxb6 Bxb6 35.Rc8+ Kf7 36.Nc4 Rd1+
37.Kg2 Bd4 38.Rc7+ Kg8 39.Nd6 h5 40.Rc8+ Kh7 41.h4 Ba1 42.Rc6 Kg8 43.Ra6 Bd4
44.Nb5 Ne8 45.Ra8 Kf7 46.Rd8 Ke7 47.Rd5 Ng7 48.Nbxd4 exd4 49.Nxd4 Re1 50.Nc6+ Ke6
51.Kf3 Ne8 52.Nd4+ Ke7 53.Nc2 Rc1 54.Ne3 Nd6 55.Ra5 Ke6 56.Nd5 g5 57.hxg5 fxg5
58.Ne3 Nf7 59.Nf5 Kf6 60.Ke3 Re1+ 61.Kd4 Rd1+ 62.Kc3 Rf1 63.Ra2 Ke5 64.Ne3 Rc1+
65.Kd3 h4 66.Ng4+ Ke6 67.gxh4 gxh4 68.f4 Rg1 69.Ne3 Rh1 70.Ra6+ Ke7 71.Nd5+ Kd7
72.Rf6 Ke8 73.Ke3 h3 74.Kf3 h2 75.Kg2 Re1 76.Re6+ Kd7 77.Re7+ Kd6 78.Kxh2 Nd8
79.Kg3 Nc6 80.Kf2 Nxe7 81.Kxe1 Nxd5 82.exd5 Kxd5 83.Kf2 Ke4 84.Kg3 Kf5 85.Kf3 Kf6
86.Ke4 Ke6 87.f5+ Kf6 88.Kf4 Kf7 89.Ke5 Ke7 90.f6+ Kf7 91.Kf5 Kf8 92.Ke6 Ke8
93.f7+ Kf8 94.Kf6  1/2-1/2

[Event "Rheinhessen-ch H1 op"]
[Site "Mainz"]
[Date "1997.??.??"]
[Round "1"]
[White "Adams, Lothar"]
[Black "Reiss, Peter"]
[Result "1-0"]
[WhiteElo "1801"]
[BlackElo "1515"]

1.c4 c6 2.Nc3 d5 3.d4 Nf6 4.Nf3 Bf5 5.cxd5 cxd5 6.Qb3 b6 7.Bf4 h6 8.e3 e6
9.Bb5+ Nbd7 10.Bc6 Rb8 11.Bxb8 Qxb8 12.Ne5 Be7 13.Rc1 Qd8 14.Qa4 a5 15.O-O Bb4
16.Qb5 Bxc3 17.Rxc3 Bh7 18.Rfc1 Bf5 19.Bxd7+  1-0

[Event "Manresa op"]
[Site "Manresa"]
[Date "1997.??.??"]
[Round "3"]
[White "Vidarte Morales, Arturo"]
[Black "Armengol Navarro, Salvador"]
[Result "1/2-1/2"]
[WhiteElo "2370"]
[BlackElo "2085"]

1.c4 c6 2.d4 d5 3.Nc3 Nf6 4.Nf3 g6 5.e3 Bg7 6.Bd3 O-O 7.O-O Bg4 8.h3 Bxf3
9.Qxf3 dxc4 10.Bxc4 Nbd7 11.Rd1 e5 12.d5 e4 13.Nxe4 Ne5 14.Nxf6+ Bxf6 15.Qe2 Nxc4
16.Qxc4 cxd5 17.Rxd5 Rc8 18.Qd3 Qc7 19.e4 Qc2 20.Qxc2 Rxc2 21.e5 Rd8 22.Rxd8+ Bxd8
23.Bh6 Bb6 24.Kh1 f6 25.f4 fxe5 26.fxe5 Kf7 27.b3  1/2-1/2

[Event "Mar del Plata op"]
[Site "Mar del Plata"]
[Date "1997.??.??"]
[Round "7"]
[White "Giardelli, Sergio C"]
[Black "Recoulat, Eduardo J"]
[Result "1-0"]
[WhiteElo "2460"]
[BlackElo "2190"]

1.c4 c6 2.d4 d5 3.Nc3 e5 4.cxd5 cxd5 5.dxe5 d4 6.Nb1 Qa5+ 7.Bd2 Qxe5 8.Nf3 Qd6
9.Na3 Bd7 10.Qb3 Bc6 11.Nb5 Bxb5 12.Qxb5+ Nc6 13.Nxd4 O-O-O 14.Nf3 Nf6 15.Qc4 Be7
16.g3 Qc5 17.Qxf7 Qc2 18.Bh3+ Kb8 19.O-O Rxd2 20.Rfc1 Qxb2 21.Rab1 Qxa2 22.Be6 Qa5
23.Nxd2 Qxd2 24.Rxc6  1-0

[Event "Minsk op"]
[Site "Minsk"]
[Date "1997.??.??"]
[Round "2"]
[White "Malaniuk, Vladimir P"]
[Black "Chekurov, Vyacheslav"]
[Result "1-0"]
[WhiteElo "2610"]
[BlackElo "2395"]

1.c4 c6 2.Nf3 Nf6 3.Nc3 d5 4.e3 a6 5.b3 Bg4 6.h3 Bh5 7.Bb2 Nbd7 8.cxd5 cxd5
9.g4 Bg6 10.g5 Ne4 11.Nxd5 e6 12.Nf4 Nxg5 13.h4 Ne4 14.h5 Bf5 15.h6 Ndf6
16.Bg2 gxh6 17.Nd4 Rg8 18.Nxf5 exf5 19.d3 Nd6 20.Rc1 Bg7 21.Qd2 h5 22.Ke2 h4
23.Bf3 Ng4 24.Bxg7 Rxg7 25.Qc3 Rg8 26.Qd4 Rc8 27.Bg2 Rxc1 28.Rxc1 Nf6 29.Bf3 Kf8
30.Rc5 Rg1 31.Rxf5 Qc7 32.Rc5 Qe7 33.Qc3 Kg8 34.Rc7 Qd8 35.a4 b6 36.Ra7 a5
37.Ra8  1-0

[Event "Minsk op"]
[Site "Minsk"]
[Date "1997.??.??"]
[Round "6"]
[White "Malaniuk, Vladimir P"]
[Black "Volkov, Sergey"]
[Result "1-0"]
[WhiteElo "2610"]
[BlackElo "2480"]

1.c4 c6 2.Nf3 d5 3.e3 Nf6 4.Nc3 a6 5.b3 Bf5 6.Bb2 h6 7.Be2 e6 8.d3 Be7 9.O-O O-O
10.Ne5 Bh7 11.d4 Nbd7 12.Nxd7 Nxd7 13.Bd3 Bxd3 14.Qxd3 b5 15.cxd5 cxd5 16.a4 b4
17.Ne2 Qb6 18.Rac1 Rac8 19.f3 Qb7 20.Rfd1 Nf6 21.Rd2 Rxc1+ 22.Bxc1 Rc8 23.Rc2 Rc6
24.Bd2 Qc8 25.Rxc6 Qxc6 26.Be1 Nd7 27.h3 Bf8 28.Bg3 Be7 29.Kf2 Bd8 30.Ke1 Be7
31.Kd1 Bd8 32.Qd2 a5 33.Qc1 Qxc1+ 34.Nxc1 Kf8 35.Bd6+ Ke8 36.Nd3 Be7 37.Bh2 Kd8
38.g4 Kc8 39.Ke2 Kb7 40.Be5 Bf8 41.h4 Kc6 42.h5 Kb7 43.e4 Kc6 44.Ke3 Kb7
45.Bg3 Be7 46.exd5 exd5 47.Ne5 Nxe5 48.dxe5 Bg5+ 49.f4 Be7 50.Kf3 Kc6 51.Bf2 Kc7
52.Be3 Kc6 53.g5 hxg5 54.fxg5 d4 55.h6 gxh6 56.gxh6 Bf8 57.h7 Bg7 58.Bxd4 Kd5
59.e6  1-0

[Event "Mondariz op"]
[Site "Mondariz"]
[Date "1997.??.??"]
[Round "?"]
[White "Guevara Pijuan, Josep"]
[Black "Diaz Nunez, Adolfo"]
[Result "1/2-1/2"]
[WhiteElo "2175"]
[BlackElo "2145"]

1.c4 c6 2.Nf3 d5 3.e3 Nf6 4.d4 Bf5 5.Be2 e6 6.O-O Bd6 7.Nbd2 Nbd7 8.b3 Ne4
9.Bb2 Qf6 10.Re1 g5 11.Nf1 g4 12.N3d2 Nxf2 13.Qc1 Ne4 14.Bd3 Qh4 15.Bxe4 dxe4
16.c5 Bc7 17.Nc4 g3 18.hxg3 Bxg3 19.Nxg3 Qxg3 20.Nd6+ Ke7 21.Rf1 Rhg8 22.Qd2 Rg5
23.Nxf5+ exf5 24.d5 cxd5 25.Rf2 Ne5 26.Bxe5 Qxe5 27.Rd1 Ke6 28.Qb4 Qc7 29.Qd4 Qc6
30.Rf4 Rag8 31.Rd2 Rg4 32.Rf1 h5 33.b4 h4 34.b5 Qd7 35.a4 h3 36.Rff2 Rxg2+
37.Rxg2 Rxg2+ 38.Rxg2 hxg2 39.Kxg2 Qe7 40.c6 bxc6 41.bxc6 Qg5+ 42.Kf1 Qe7
43.Ke2 Qc7 44.Qc5 Qb6 45.Qc3 Kd6 46.Qf6+ Kc7 47.Qxf7+ Kxc6 48.Qe6+ Kc5 49.Qc8+ Qc6
50.Qf8+ Kc4 51.Qa3 Qc5 52.Qb2 Qb4 53.Qd4+ Kb3 54.Qd1+ Ka3 55.Qa1+ Kb3 56.Qd1+ Kb2
57.Qxd5 Qxa4 58.Kf2 Qc2+ 59.Kg3 Qc7+ 60.Kg2 Kc3 61.Qd1 Qc5 62.Qc1+ Kb4 63.Qb2+ Kc4
64.Qc2+ Kd5 65.Qb3+ Kc6 66.Qe6+ Qd6 67.Qc4+ Kb6 68.Qb3+ Ka5 69.Qa2+ Kb6 70.Qb3+ Kc5
71.Qa3+ Kd5 72.Qxa7 Kc4 73.Qa2+ Kd3 74.Qb3+ Ke2 75.Qb5+ Kxe3 76.Qxf5 Qd2+
77.Kh3 Qe2 78.Qc5+ Kd2 79.Qb4+ Kc2 80.Qa4+ Kc3 81.Qa3+ Kd4 82.Qd6+ Kc3 83.Qc5+ Kd2
84.Qb4+ Kd1 85.Qb1+  1/2-1/2

[Event "Montcada op"]
[Site "Montcada"]
[Date "1997.??.??"]
[Round "4"]
[White "Vidarte Morales, Arturo"]
[Black "Alvarez Ibarra, D Rafael"]
[Result "1-0"]
[WhiteElo "2370"]
[BlackElo "2420"]

1.c4 c6 2.e4 d5 3.exd5 Nf6 4.d4 cxd5 5.Nc3 Nc6 6.Nf3 Bg4 7.cxd5 Nxd5 8.Qb3 Bxf3
9.gxf3 Nb6 10.Be3 e6 11.O-O-O Be7 12.d5 exd5 13.Kb1 O-O 14.Rg1 Qc7 15.Bb5 d4
16.Bh6 g6 17.Ne2 Rfd8 18.f4 d3 19.Rxd3 Rxd3 20.Bxd3 Na5 21.Bxg6 Nxb3 22.Bc2+ Kh8
23.Bg7+ Kg8 24.Be5+ Kf8 25.Bxc7 Nd2+ 26.Kc1 Nf3 27.Rg3 Nd5 28.Bxh7 Ng5 29.fxg5 Rc8
30.Kb1 Rxc7 31.Be4 Rc5 32.h4 b6 33.a3 Nc7 34.f4 Bd6 35.Rd3 Rc4 36.Rxd6 Rxe4
37.Rd2 Kg8 38.f5 Rxh4 39.Rd8+ Kg7 40.Rd7 Rh1+ 41.Ka2  1-0

[Event "Montpellier Masters op"]
[Site "Montpellier"]
[Date "1997.??.??"]
[Round "2"]
[White "Dizdar, Goran"]
[Black "Fressinet, Laurent"]
[Result "1-0"]
[WhiteElo "2545"]
[BlackElo "2335"]

1.c4 c6 2.Nf3 d5 3.d4 Nf6 4.Nc3 e6 5.Bg5 dxc4 6.e4 b5 7.a4 Qb6 8.Bxf6 gxf6
9.Be2 a6 10.O-O Nd7 11.d5 Rb8 12.Nd4 Ne5 13.Bh5 b4 14.a5 Qc7 15.Na4 cxd5
16.exd5 exd5 17.Re1 Be7 18.Nb6 Rxb6 19.axb6 Qxb6 20.Qd2 Qc5 21.Qf4 O-O 22.Re3 Ng6
23.Qh6 Qxd4 24.Bxg6 hxg6 25.Rxe7 Qg4 26.h4 c3 27.bxc3 bxc3 28.Rae1 Bd7 29.h5 Bb5
30.hxg6 Qxg6 31.Qf4 Qg5 32.Qd6 c2 33.R7e3 Rc8 34.Rg3 c1=Q 35.Rxc1 Rxc1+ 36.Kh2 Qxg3+
37.Qxg3+ Kf8  1-0

[Event "Moravia-chT 9697"]
[Site "?"]
[Date "1997.??.??"]
[Round "?"]
[White "Ruzicka, Petr"]
[Black "Nalepa, Vladimir"]
[Result "1/2-1/2"]
[WhiteElo "2240"]
[BlackElo "2155"]

1.c4 c6 2.Nf3 g6 3.e3 Bg7 4.Be2 Nf6 5.O-O O-O 6.Nc3 d5 7.d4 dxc4 8.Bxc4 Bg4
9.h3 Bxf3 10.Qxf3 Nbd7 11.Rd1 e5 12.d5 e4 13.Nxe4 Nxe4 14.Qxe4 Nb6 15.Bb3 Re8
16.Qf3 cxd5 17.Rb1 Qf6 18.Qxf6 Bxf6 19.Bxd5 Nxd5 20.Rxd5 Red8 21.Rxd8+ Rxd8
22.Kf1 Rd1+ 23.Ke2 Rg1 24.g3 Kf8 25.b3 Ke8 26.h4 h5 27.Kd3 Be7 28.Ra1 Bf6
29.Rb1 Kd7 30.Ke2 Bg7 31.Kd3 Ke6 32.Ke4 f5+ 33.Kd3 Kd5 34.a4 a6 35.Ke2 Ke4
36.f3+ Kd5 37.Kf2 Rh1 38.Kg2 Rd1 39.Kf2 Be5 40.Ke2 Rh1 41.f4 Bf6 42.Kd3 Rg1
43.a5 Rxg3 44.Bd2 Kc6 45.Rc1+ Kd7 46.Rh1 Rg4 47.Be1 Kc6 48.Ke2 Kb5 49.Kf3 Bd8
50.b4 Be7 51.Rh2 Ka4 52.Rd2 Bxh4 53.Bxh4 Rxh4 54.Rd6 Rg4 55.Rb6 h4 56.Rxb7 h3
57.Rh7 Rg1 58.Rxh3 Rc1 59.Rg3 Rc6 60.Rg1 Kxb4 61.Ra1 Rc5 62.Rg1 Rc6 63.Ra1 Rd6
64.Ra2 Rd5 65.Rg2  1/2-1/2

[Event "Moravia-chT 9697"]
[Site "?"]
[Date "1997.??.??"]
[Round "?"]
[White "Malis, Jiri"]
[Black "Knazovcik, Ladislav"]
[Result "1/2-1/2"]
[WhiteElo "2225"]
[BlackElo "2295"]

1.c4 c6 2.Nf3 d5 3.b3 Nf6 4.Bb2 e6 5.g3 Bd6 6.Bg2 O-O 7.O-O Re8 8.d4 Nbd7
9.Nc3 Qe7 10.e3 Ba3 11.Rb1 Bxb2 12.Rxb2 Qb4 13.Qd3 dxc4 14.Qxc4 Qe7 15.Rd2 e5
16.dxe5 Nxe5 17.Nxe5 Qxe5 18.h3  1/2-1/2

[Event "Moravia-chT 9697"]
[Site "?"]
[Date "1997.??.??"]
[Round "?"]
[White "Mitura, Vaclav"]
[Black "Mlynek, Petr"]
[Result "0-1"]
[WhiteElo "2260"]
[BlackElo "2135"]

1.c4 c6 2.d4 d5 3.Nf3 Nf6 4.Qc2 g6 5.Bf4 Bf5 6.Qb3 Qb6 7.Nbd2 Nbd7 8.c5 Qxb3
9.axb3 Bg7 10.h3 Ne4 11.b4 f6 12.e3 e5 13.Bh2 O-O 14.Be2 Rfe8 15.Nb3 a6 16.O-O Nf8
17.Na5 Re7 18.Rfc1 Rae8 19.Bf1 Bc8 20.Nb3 g5 21.Ne1 exd4 22.Nxd4 f5 23.Nef3 Ng6
24.Rc2 g4 25.hxg4 fxg4 26.Nd2 Bxd4 27.exd4 Nxd2 28.Rxd2 Bf5 29.Bg3 Kf7 30.Rad1 h5
31.Bd6 Re1 32.Bc7 h4 33.Kh2 R8e6 34.Bd3 Bxd3 35.Rxd3 Rxd1 36.Rxd1 Re2 37.b5 axb5
38.b4 Rxf2 39.Ra1 Nf4 40.Bxf4 Rxf4 41.Ra7  0-1

[Event "Moscow-B"]
[Site "Moscow"]
[Date "1997.??.??"]
[Round "2"]
[White "Gromadin, Gleb"]
[Black "Shestakov, Sergei S"]
[Result "0-1"]
[WhiteElo "2190"]
[BlackElo "2325"]

1.c4 c6 2.Nf3 d5 3.g3 dxc4 4.Bg2 Nf6 5.a4 g6 6.Na3 Qd5 7.Qc2 Be6 8.O-O Nbd7
9.Qc3 Qc5 10.d4 cxd3 11.Qxd3 Bd5 12.Be3 Qb4 13.Nc2 Qd6 14.Bf4 e5 15.Nxe5 Nxe5
16.Qc3 Nfd7 17.Rad1 Qf6 18.Bxd5 cxd5 19.Rxd5 Nc6 20.Qd2 Nb6 21.Bg5 Qe6 22.Rd3 Be7
23.Bxe7 Nxe7 24.Rd6 Qe5 25.Ne3 O-O  0-1

[Event "Moscow-ch"]
[Site "Moscow"]
[Date "1997.??.??"]
[Round "8"]
[White "Gelman, Alexander"]
[Black "Shestakov, Sergei S"]
[Result "1-0"]
[WhiteElo "2415"]
[BlackElo "2320"]

1.c4 c6 2.Nf3 d5 3.e3 Nf6 4.Nc3 e6 5.a3 Nbd7 6.b4 Bd6 7.Bb2 dxc4 8.Bxc4 O-O
9.O-O Qe7 10.Qc2 a5 11.b5 c5 12.d4 cxd4 13.Nxd4 g6 14.Rfd1 Nb6 15.Na4 Nxc4
16.Qxc4 Rb8 17.Nf3 Rd8 18.Qc3 Kg7 19.Ne5 Bd7 20.Rxd6 Qxd6 21.Nxd7 e5 22.Nxb8 Qd1+
23.Qe1 Qxa4 24.Bxe5 Qxb5 25.Qc3 Qb6 26.Rc1 Qe6 27.f4 Kg8 28.Bxf6 Rxb8 29.Bh8 f6
30.Bxf6 Re8 31.Kf2 b6 32.Be5 b5  1-0

[Event "NRW-Cup Masters op"]
[Site "Muenster"]
[Date "1997.??.??"]
[Round "9"]
[White "Shpilker, Boris"]
[Black "Schlecht, Daniel"]
[Result "1-0"]
[WhiteElo "2380"]
[BlackElo "2270"]

1.c4 c6 2.Nf3 d5 3.Qa4 dxc4 4.Qxc4 Nf6 5.g3 Bf5 6.Bg2 e6 7.d3 Nbd7 8.O-O Be7
9.Nbd2 O-O 10.a3 a5 11.b3 Qc7 12.Bb2 Rfe8 13.Qc3 Bf8 14.Nc4 Bg4 15.Rfe1 Nd5
16.Qd2 e5 17.Qc2 f6 18.Ncd2 Rad8 19.d4 exd4 20.Nxd4 Nc5 21.e4 Nb6 22.Qc3 a4
23.b4 Ne6 24.N4f3 Rd7 25.e5 f5 26.Qc2 Red8 27.Nc4 Nd5 28.Rac1 g6 29.Nd6 Bh6
30.Ra1 f4 31.Nd2 fxg3 32.hxg3 Ng5 33.Qc4 Be6 34.Qh4 Kg7 35.f4 Nf7 36.Nxf7 Rxf7
37.Ne4 Nxf4 38.gxf4 Rxf4 39.Nc5 Re8 40.Qg3 Kg8 41.Bc1  1-0

[Event "New York op"]
[Site "New York"]
[Date "1997.??.??"]
[Round "?"]
[White "Gulko, Boris F"]
[Black "Morris, Matthew"]
[Result "1-0"]
[WhiteElo "2595"]
[BlackElo "2280"]

1.c4 c6 2.e4 d5 3.exd5 cxd5 4.d4 Nf6 5.Nc3 e6 6.Nf3 Bb4 7.Bd3 dxc4 8.Bxc4 O-O
9.O-O b6 10.Bg5 Bb7 11.Re1 Nbd7 12.Rc1 Bxc3 13.bxc3 Qc7 14.Bd3 Qd6 15.Ne5 Qd5
16.f3 Rac8 17.Qd2 Qd6 18.Kh1 Nd5 19.c4 Nb4 20.c5 bxc5 21.dxc5 Qd5 22.Qxb4  1-0

[Event "New York op"]
[Site "New York"]
[Date "1997.??.??"]
[Round "?"]
[White "Zlotnikov, Mikhail"]
[Black "Siegel, Noah J"]
[Result "1-0"]
[WhiteElo "2360"]
[BlackElo "2235"]

1.c4 c6 2.Nf3 d5 3.b3 Bg4 4.Ne5 Bh5 5.Qc2 e6 6.Bb2 Nf6 7.g3 Be7 8.Bg2 O-O
9.d3 Nbd7 10.Nf3 a5 11.O-O Qb8 12.Rc1 Rc8 13.Nd4 Nc5 14.Nc3 Nfd7 15.cxd5 cxd5
16.Qd2 Ne5 17.Ndb5 Nc6 18.d4 Nd7 19.e4 dxe4 20.d5 exd5 21.Nxd5 Bf8 22.Nf4 Bg4
23.h3 Bb4 24.Bc3 Bf5 25.g4 g5 26.Nh5 e3 27.Qxe3 Bg6 28.Qxg5 Bxc3 29.Rxc3 Qe5
30.Qxe5 Ndxe5 31.Nd6 Rc7 32.Nf6+ Kf8 33.f4 Nd3 34.f5 Nf4 35.Re1 Re7 36.Rce3 Rd8
37.Rxe7 Nxe7 38.Nfe4 Nxf5 39.gxf5 Bh5 40.Bf1 Ke7 41.f6+ Kd7 42.Nxb7 Rg8+
43.Kf2  1-0

[Event "New York op"]
[Site "New York"]
[Date "1997.??.??"]
[Round "?"]
[White "Chernin, Alexander"]
[Black "Thorhallsson, Throstur"]
[Result "1/2-1/2"]
[WhiteElo "2635"]
[BlackElo "2500"]

1.c4 c6 2.d4 d5 3.Nc3 Nf6 4.Nf3 e6 5.Bg5 h6 6.Bxf6 Qxf6 7.e3 Nd7 8.Bd3 Bd6
9.O-O dxc4 10.Bxc4 Qe7 11.Rc1 O-O 12.Ne4 Bc7 13.Qc2 Nb6 14.Bb3 e5 15.Nxe5 Bxe5
16.dxe5 Qxe5 17.Nc5 Nd7 18.Nd3 Qe7 19.Nf4 Ne5 20.Kh1 Bd7 21.f3 Rad8 22.Qc3 Bc8
23.Rfd1 Rfe8 24.e4 Qf6 25.Ne2 Be6 26.Bc2 Bc8 27.a4 Qe7 28.h3 Ng6 29.f4 Qh4
30.Qf3 Rxd1+ 31.Rxd1 Rd8 32.Rxd8+ Qxd8 33.Qc3 Qh4 34.f5 Nf8 35.Ng1 g6 36.Nf3 Qf4
37.Qd2 Qxd2 38.Nxd2 b6 39.Nc4 gxf5 40.exf5 Nd7 41.Nd6 Ba6 42.b4 Kf8 43.f6 b5
44.Bd3 Ne5 45.Bxb5 cxb5 46.axb5 Bxb5 47.Nxb5 Nc6 48.g4 a6 49.Nc3 Nxb4 50.h4 Ke8
51.h5 Nd3 52.Kg2 Kd7 53.Kf3 Ke6 54.Ne4 a5 55.Ke3 Ne5 56.Kf4 Nd7 57.g5 hxg5+
58.Nxg5+ Kxf6 59.h6 Nf8 60.Nf3 a4 61.Ke3 Kg6 62.Ne5+ Kf5 63.Nc4 Kg5 64.Kd3 Kxh6
65.Kc3 Kg5 66.Nd6 f6 67.Ne4+ Kf5 68.Nxf6 Kxf6 69.Kb4 Nd7  1/2-1/2

[Event "JUG-chT"]
[Site "Niksic"]
[Date "1997.??.??"]
[Round "9"]
[White "Bakic, Rados"]
[Black "Petronic, Jovan"]
[Result "1/2-1/2"]
[WhiteElo "2445"]
[BlackElo "2490"]

1.c4 c6 2.Nc3 d5 3.cxd5 cxd5 4.d4 Nf6 5.Nf3 Nc6 6.Bf4 a6 7.Rc1 e6 8.a3 Be7
9.e3 Nh5 10.Bg3 Nxg3 11.hxg3 Bd6 12.Bd3 g6 13.e4 dxe4 14.Bxe4 Bd7 15.Qe2 Kf8
16.Rd1 Kg7 17.d5 exd5 18.Rxd5 Be6 19.Rd2 Na5 20.O-O Qc7  1/2-1/2

[Event "Nova Gorica op"]
[Site "Nova Gorica"]
[Date "1997.??.??"]
[Round "6"]
[White "Mikhalchishin, Adrian"]
[Black "Savchenko, Stanislav"]
[Result "1-0"]
[WhiteElo "2515"]
[BlackElo "2575"]

1.c4 c6 2.e4 e5 3.Nf3 d6 4.d4 Bg4 5.Be2 Nd7 6.Ng1 Bxe2 7.Nxe2 Ngf6 8.Nbc3 Be7
9.O-O O-O 10.f3 a6 11.a4 a5 12.Be3 Re8 13.b3 exd4 14.Bxd4 Bf8 15.Qd2 d5 16.cxd5 cxd5
17.exd5 Nc5 18.Bxf6 Qxf6 19.Rab1 Re5 20.Nb5 Rd8 21.Nec3 Na6 22.Kh1 Bb4 23.Qd4 Bc5
24.Qg4 h5 25.Qc4 Bb4 26.Ne4 Qf5 27.d6 Nc5 28.Rbd1 Qg6 29.d7 Rxd7 30.Rxd7 Nxd7
31.Qc8+ Nf8 32.Qxb7 f5 33.Nf2 Qe6 34.Nd3 Re3 35.Nd4 Qe5 36.Nxb4 Qxd4 37.Nc2  1-0